Report on a framework for incomes, and prices policy. (Record no. 74281)

MARC details
000 -LEADER
fixed length control field 00698cam a22002531 4500
001 - CONTROL NUMBER
control field sa 67004124
003 - CONTROL NUMBER IDENTIFIER
control field DLC
005 - DATE AND TIME OF LATEST TRANSACTION
control field 20260227112344.0
008 - FIXED-LENGTH DATA ELEMENTS--GENERAL INFORMATION
fixed length control field 861210s1967 ii f000 0 eng
010 ## - LIBRARY OF CONGRESS CONTROL NUMBER
LC control number sa 67004124
025 ## - OVERSEAS ACQUISITION NUMBER
Overseas acquisition number PL480:I-E-8290
035 ## - SYSTEM CONTROL NUMBER
System control number (OCoLC)14950805
040 ## - CATALOGING SOURCE
Original cataloging agency DLC
Transcribing agency WaU
Modifying agency DLC
042 ## - AUTHENTICATION CODE
Authentication code premarc
043 ## - GEOGRAPHIC AREA CODE
Geographic area code a-ii---
050 00 - LIBRARY OF CONGRESS CALL NUMBER
Classification number HC440.I5
Item number R4
110 2# - MAIN ENTRY--CORPORATE NAME
Corporate name or jurisdiction name as entry element Reserve Bank of India.
Subordinate unit Steering Group on Wages, Incomes and Prices Policies.
245 10 - TITLE STATEMENT
Title Report on a framework for incomes, and prices policy.
260 ## - PUBLICATION, DISTRIBUTION, ETC.
Place of publication, distribution, etc. Bombay,
Date of publication, distribution, etc. 1967.
300 ## - PHYSICAL DESCRIPTION
Extent iv, 89 p.
Dimensions 24 cm.
650 #0 - SUBJECT ADDED ENTRY--TOPICAL TERM
Topical term or geographic name entry element Income
Geographic subdivision India.
650 #0 - SUBJECT ADDED ENTRY--TOPICAL TERM
Topical term or geographic name entry element Wages
Geographic subdivision India.
650 #0 - SUBJECT ADDED ENTRY--TOPICAL TERM
Topical term or geographic name entry element Prices
Geographic subdivision India.

No items available.

Powered by Koha